Deshilachando sobre suelo resbaladizo /
Bewaard in:
| Hoofdauteur: | |
|---|---|
| Formaat: | Texto |
| Tags: |
Voeg label toe
Geen labels, Wees de eerste die dit record labelt!
|
MARC
| LEADER | 00000 a a2200000 04500 | ||
|---|---|---|---|
| 001 | 45810 | ||
| 003 | |||
| 040 | |||
| 100 | |a Jaramillo Echeverri, Luis Guillermo | ||
| 245 | |a Deshilachando sobre suelo resbaladizo / |c Luis Guillermo Jaramillo Echeverri | ||
| 773 | |g número37 ( , 2012), páginas 131-145 | ||
| 999 | |c 29963 |d 29963 | ||
